000
00251 a2200097 4500
001
41801
100
_a
Compton's
245
_a
Compton's Pictured Encyclopedia & Fact Index (Vol-VIII)
260
_a
Chicago
_b
F E Compton & Co.
_c
090
_c
25912
_d
25912
942
_a
NUST-CAE
_c
M
_c
17683
999
_c
276874
_d
276874